[Event "23rd EUR-ch"]
[Site "Vrnjacka Banja SRB"]
[Date "2023.03.03"]
[Round "1.29"]
[White "Bodiroga, Predrag"]
[Black "Abasov, Nijat"]
[Result "0-1"]
[WhiteElo "2314"]
[BlackElo "2625"]
[EventDate "2023.03.03"]
[PlyCount "118"]

1.d4 Nf6 2.Nf3 g6 3.c4 Bg7 4.Nc3 d5 5.cxd5 Nxd5 6.e4 Nxc3 7.bxc3 c5 8.Be3 
Qa5 9.Qd2 O-O 10.Rc1 Bg4 11.Ng5 Na6 12.h3 Bd7 13.Be2 e6 14.d5 exd5 15.exd5
Rfe8 16.O-O Rad8 17.Rfe1 Bf5 18.Bf3 h5 19.Bf4 Nc7 20.g4 hxg4 21.hxg4 Bc8 
22.Ne4 Nxd5 23.Bg5 f6 24.Nd6 Ne7 25.Bd5+ Kf8 26.Bxf6 Rxd6 27.Bxg7+ Kxg7 
28.Qg5 Rf6 29.Re3 Qa4 30.Rce1 Nxd5 31.Rxe8 Qxg4+ 32.Qxg4 Bxg4 33.R1e5 Nxc3
34.Rxc5 Ne2+ 35.Kf1 Ng3+ 36.Ke1 Nf5 37.Rc7+ Rf7 38.Rxf7+ Kxf7 39.Ra8 a6 
40.Kd2 Bf3 41.Kc3 g5 42.Rd8 Ke7 43.Rg8 g4 44.Rg6 Nd6 45.Kd4 Kd7 46.Rg7+ 
Kc8 47.Rg8+ Kd7 48.Rg7+ Ke6 49.Rg6+ Ke7 50.Ke5 Nf7+ 51.Kd4 Kd7 52.Rf6 Ng5 
53.a4 Ne6+ 54.Kc4 Kd6 55.Rf5 Be4 56.Rh5 Nf4 57.Rh4 Nd3 58.f4 gxf3 59.Rxe4 
f2 0-1

[Event "23rd EUR-ch"]
[Site "Vrnjacka Banja SRB"]
[Date "2023.03.03"]
[Round "1.31"]
[White "Van Dael, Siem"]
[Black "Rodshtein, Maxim"]
[Result "0-1"]
[WhiteElo "2312"]
[BlackElo "2622"]
[EventDate "2023.03.03"]
[PlyCount "70"]

1.e4 c5 2.Nf3 Nc6 3.d4 cxd4 4.Nxd4 Nf6 5.Nc3 d6 6.Bg5 e6 7.Qd2 Be7 8.O-O-O
a6 9.Bxf6 gxf6 10.f4 Qc7 11.Be2 Nxd4 12.Qxd4 Qc5 13.g4 b5 14.h4 Bb7 15.f5 
Rc8 16.Bf3 Qxd4 17.Rxd4 Rg8 18.Rf1 Rc5 19.Kd2 Bf8 20.a4 Bh6+ 21.Kd3 Bf4 
22.fxe6 fxe6 23.e5 Bxe5 24.Bxb7 Bxd4 25.Kxd4 Rxg4+ 26.Kd3 Ke7 27.Ne4 Rc7 
28.Bxa6 f5 29.Nf2 Rxa4 30.Bxb5 Rb4 31.c4 d5 32.b3 Rxb3+ 33.Kd4 dxc4 34.
Bxc4 Rf3 35.Bd3 Rd7+ 0-1

[Event "23rd EUR-ch"]
[Site "Vrnjacka Banja SRB"]
[Date "2023.03.03"]
[Round "1.32"]
[White "Motylev, Alexander"]
[Black "Gombocz, Ferenc jr"]
[Result "1-0"]
[WhiteElo "2621"]
[BlackElo "2311"]
[EventDate "2023.03.03"]
[PlyCount "53"]

1.e4 e5 2.Nf3 Nc6 3.Bb5 a6 4.Ba4 d6 5.O-O Bd7 6.c4 Nge7 7.Nc3 g6 8.d4 Bg7 
9.dxe5 Nxe5 10.Nxe5 dxe5 11.Bg5 f6 12.Be3 Bxa4 13.Qxa4+ Qd7 14.Qb3 O-O-O 
15.Nd5 Nxd5 16.cxd5 Qb5 17.Qc2 Bf8 18.b4 f5 19.Rfc1 Bd6 20.a4 Qxb4 21.f3 
Kd7 22.Rcb1 Qa5 23.Rxb7 f4 24.Bf2 g5 25.Rc1 Rb8 26.Qc6+ Ke7 27.Be1 1-0

[Event "23rd EUR-ch"]
[Site "Vrnjacka Banja SRB"]
[Date "2023.03.03"]
[Round "1.33"]
[White "Marcetic, Nikola"]
[Black "Svane, Rasmus"]
[Result "0-1"]
[WhiteElo "2309"]
[BlackElo "2620"]
[EventDate "2023.03.03"]
[PlyCount "90"]

1.d4 Nf6 2.Nf3 d5 3.Bf4 c5 4.e3 Nc6 5.Nc3 Qa5 6.Qd2 a6 7.dxc5 e6 8.Nd4 
Qxc5 9.Na4 Qa7 10.Nxc6 bxc6 11.Qa5 Be7 12.Qc7 O-O 13.Qxa7 Rxa7 14.Bd3 c5 
15.c4 Bd7 16.Nc3 d4 17.exd4 cxd4 18.Ne2 Bb4+ 19.Kf1 Rd8 20.Nxd4 Ba4 21.Nc2
Ba5 22.b3 Rxd3 23.bxa4 h6 24.Ke2 Rc3 25.Ne3 Ra3 26.Rhc1 Rxa4 27.Rc2 Bc7 
28.Bg3 Bxg3 29.hxg3 Rc7 30.Rb1 Nd7 31.g4 Nc5 32.Rbb2 g6 33.Rc3 Kg7 34.a3 
Ra5 35.Rb4 Kf6 36.f4 Ne4 37.Rd3 Nc5 38.Rc3 Rd7 39.Rb1 Ne4 40.Rcb3 Rd2+ 41.
Kf3 Rd4 42.g5+ hxg5 43.Ng4+ Kg7 44.Ke3 Rxc4 45.Ne5 gxf4+ 0-1

[Event "23rd EUR-ch"]
[Site "Vrnjacka Banja SRB"]
[Date "2023.03.03"]
[Round "1.34"]
[White "Vocaturo, Daniele"]
[Black "Eren, Ataberk"]
[Result "1-0"]
[WhiteElo "2619"]
[BlackElo "2308"]
[EventDate "2023.03.03"]
[PlyCount "133"]

1.e4 e5 2.Nf3 Nc6 3.Bb5 a6 4.Ba4 Nf6 5.O-O Be7 6.Bxc6 dxc6 7.d3 Bd6 8.Nbd2
Be6 9.Nb3 a5 10.Qe1 a4 11.Na5 Qb8 12.b4 axb3 13.axb3 O-O 14.Bb2 Nd7 15.Ng5
Bg4 16.f3 Bh5 17.Nc4 Rxa1 18.Qxa1 f6 19.Nh3 Qa8 20.d4 Bf7 21.Ne3 exd4 22.
Bxd4 c5 23.Bc3 c4 24.b4 Be6 25.Nf2 Qe8 26.Qa5 Ne5 27.Nf5 Bxf5 28.exf5 Qc6 
29.Ne4 b6 30.Qa1 Qd7 31.Qd1 Nf7 32.g4 Qc6 33.Qe2 Be5 34.Bxe5 Nxe5 35.Ng5 
fxg5 36.Qxe5 Re8 37.Qd4 h6 38.Kf2 b5 39.Rd1 Kh7 40.Rd2 Re7 41.c3 Re8 42.
Qd7 Qb6+ 43.Rd4 Ra8 44.Qe6 Ra2+ 45.Kg3 Qxe6 46.fxe6 Re2 47.Re4 Rxe4 48.
fxe4 Kg8 49.Kf3 Kf8 50.Ke3 Ke7 51.Kd4 Kxe6 52.Kc5 Ke5 53.Kxb5 Kxe4 54.Kxc4
g6 55.b5 h5 56.Kc5 hxg4 57.Kc6 Kf3 58.Kxc7 Kg2 59.b6 Kxh2 60.b7 g3 61.b8=Q
g2 62.Qh8+ Kg3 63.Qd4 Kh2 64.Qe5+ Kh1 65.Qh8+ Kg1 66.Qg7 g4 67.Qxg6 1-0

[Event "23rd EUR-ch"]
[Site "Vrnjacka Banja SRB"]
[Date "2023.03.03"]
[Round "1.35"]
[White "Danielian, Vahe"]
[Black "Kollars, Dmitrij"]
[Result "1/2-1/2"]
[WhiteElo "2307"]
[BlackElo "2618"]
[EventDate "2023.03.03"]
[PlyCount "106"]

1.e4 c5 2.Nf3 d6 3.Bb5+ Bd7 4.Bxd7+ Qxd7 5.O-O Nf6 6.Qe2 Nc6 7.c3 e6 8.d4 
cxd4 9.cxd4 d5 10.e5 Ne4 11.Nbd2 Nxd2 12.Bxd2 Bb4 13.Bf4 O-O 14.h4 Rac8 
15.h5 h6 16.Rad1 Be7 17.a3 Na5 18.Nh2 Qc6 19.b4 Nc4 20.Rd3 f5 21.exf6 Rxf6
22.Bg3 Rf5 23.Re1 Re8 24.Ng4 Bf6 25.Nxf6+ Rxf6 26.Be5 Nxe5 27.Qxe5 Rf5 28.
Qe2 e5 29.Re3 e4 30.f3 Qd7 31.fxe4 dxe4 32.Rxe4 Rxe4 33.Qxe4 Rxh5 34.Qe8+ 
Qxe8 35.Rxe8+ Kf7 36.Rc8 Rb5 37.Kf2 a5 38.Rc7+ Kf6 39.bxa5 Rxa5 40.Rxb7 
Rxa3 41.Rb6+ Kf5 42.Rb7 g6 43.Rb5+ Kf4 44.Rb6 Ra2+ 45.Kg1 Kf5 46.Rb5+ Kg4 
47.Rb6 Kh5 48.Rb5+ g5 49.Rb6 Rd2 50.Rd6 g4 51.g3 Kg5 52.Rd5+ Kg6 53.Kf1 h5
1/2-1/2

[Event "23rd EUR-ch"]
[Site "Vrnjacka Banja SRB"]
[Date "2023.03.03"]
[Round "1.36"]
[White "Socko, Bartosz"]
[Black "Palczert, Matyas"]
[Result "0-1"]
[WhiteElo "2618"]
[BlackElo "2304"]
[EventDate "2023.03.03"]
[PlyCount "80"]

1.e4 c5 2.Nf3 e6 3.d4 cxd4 4.Nxd4 Nc6 5.Nc3 Qc7 6.f4 a6 7.Nxc6 Qxc6 8.Bd3 
b5 9.Qe2 Bb7 10.Bd2 Bc5 11.O-O-O Ne7 12.a3 O-O 13.Rhf1 f5 14.g4 Rae8 15.
Kb1 d5 16.gxf5 exf5 17.e5 Qe6 18.Qe1 d4 19.Ne2 Nd5 20.Rg1 Kh8 21.Rg5 Re7 
22.Qg1 Bc8 23.h4 Qc6 24.Qg3 Be6 25.Rg1 Qd7 26.Qe1 Rb8 27.Bb4 Nxb4 28.axb4 
Bb6 29.Ng3 Rf8 30.Nh5 g6 31.Ng3 Qd5 32.b3 Rc8 33.h5 Rxc2 34.Kxc2 Qxb3+ 35.
Kd2 Qb2+ 36.Bc2 d3 37.Qb1 Qd4 38.Bxd3 Qe3+ 39.Kd1 Rd7 40.Rg2 Rxd3+ 0-1

[Event "23rd EUR-ch"]
[Site "Vrnjacka Banja SRB"]
[Date "2023.03.03"]
[Round "1.37"]
[White "Denishev, Marat"]
[Black "Kuzubov, Yuriy"]
[Result "0-1"]
[WhiteElo "2303"]
[BlackElo "2616"]
[EventDate "2023.03.03"]
[PlyCount "110"]

1.d4 Nf6 2.c4 e6 3.Nf3 d5 4.Nc3 c6 5.e3 Nbd7 6.Qc2 Bd6 7.Be2 O-O 8.O-O b6 
9.b3 Bb7 10.Bb2 Rc8 11.Rad1 Qe7 12.e4 Nxe4 13.Nxe4 dxe4 14.Qxe4 Nf6 15.Qh4
c5 16.Rfe1 cxd4 17.Rxd4 e5 18.Rdd1 Rfe8 19.Bd3 Qc7 20.Ng5 h6 21.Ne4 Bxe4 
22.Bxe4 Bb4 23.Re3 Bc5 24.Rg3 Rcd8 25.Bd5 Kf8 26.Rgd3 Rd6 27.R3d2 e4 28.
Kh1 Nxd5 29.cxd5 Qd7 30.Qg3 Rg6 31.Qc3 Qg4 32.f3 exf3 33.Qxf3 Qxf3 34.gxf3
Bd6 35.Rc2 Rd8 36.Rc6 Ke7 37.Re1+ Kd7 38.Rg1 Rxg1+ 39.Kxg1 Re8 40.Bd4 Be5 
41.Bc3 Bxc3 42.Rxc3 Re5 43.Kf2 Rxd5 44.Rc2 Rd4 45.Ke3 Rh4 46.Kd3 g5 47.Ke3
f5 48.Rd2+ Kc6 49.Rc2+ Kb5 50.a3 a5 51.Rd2 Kc5 52.Rc2+ Kd5 53.Rd2+ Ke5 54.
Rd7 f4+ 55.Kd3 Rh3 0-1

[Event "23rd EUR-ch"]
[Site "Vrnjacka Banja SRB"]
[Date "2023.03.03"]
[Round "1.38"]
[White "Ter-Sahakyan, Samvel"]
[Black "Shohat, Yotam"]
[Result "1/2-1/2"]
[WhiteElo "2616"]
[BlackElo "2302"]
[EventDate "2023.03.03"]
[PlyCount "182"]

1.d4 Nf6 2.c4 e6 3.Nc3 Bb4 4.f3 Nc6 5.e4 e5 6.a3 exd4 7.axb4 dxc3 8.bxc3 
O-O 9.Ne2 d6 10.Nf4 Ne5 11.Be2 Be6 12.Qb3 Qe7 13.O-O b5 14.Nd5 Nxd5 15.
cxd5 Bd7 16.Be3 f5 17.Rxa7 Rxa7 18.Bxa7 fxe4 19.fxe4 Ng4 20.Rxf8+ Kxf8 21.
Qb1 Qe5 22.Qf1+ Ke7 23.Bxg4 Bxg4 24.Qe1 Qg5 25.Kh1 Bh5 26.h3 Bg6 27.Bd4 
Qf4 28.e5 Be4 29.exd6+ Kxd6 30.Bxg7 Bxd5 31.Bd4 Be4 32.Bf2 Kc6 33.Bg3 Qf5 
34.Kh2 Kb7 35.Qe3 Qd5 36.Qf2 Qc6 37.Be5 Qg6 38.Bf4 Bd5 39.Qe2 Qc6 40.Be5 
Qc4 41.Qe3 Qe4 42.Qg3 Qg6 43.Qf2 Qe4 44.Bd4 Bc6 45.Qd2 Qd5 46.Qf2 Qe4 47.
Bf6 Qg6 48.Be5 Qe4 49.Bf4 Qg6 50.Bg3 Qe4 51.Qd2 Qd5 52.Qe2 Qe4 53.Qf2 Qd5 
54.Bf4 Qe4 55.g4 Qd3 56.Be5 Qd5 57.Qe2 Kc8 58.Kg3 Kd7 59.Kh4 Qe6 60.Qe3 
Bd5 61.Qf4 c6 62.Kg3 Qf7 63.Qe3 Qf1 64.Bf4 Qg2+ 65.Kh4 Qe4 66.Qa7+ Ke8 67.
Qb8+ Kf7 68.Be5 Qg6 69.Qc7+ Ke8 70.Qc8+ Ke7 71.Bf4 Kf7 72.Qd7+ Kg8 73.Qd8+
Kf7 74.Bg5 h6 75.Qe7+ Kg8 76.Bf4 Qg7 77.Qe3 Kh7 78.Kg3 Qg6 79.Be5 Qe6 80.
Qd4 Qf7 81.Bf4 Qe6 82.Qa7+ Qf7 83.Qb8 Qf6 84.Qc7+ Kg6 85.Kh2 Qf7 86.Qb8 
Qe6 87.Be5 Qf7 88.Bd4 Qe6 89.Qf4 Qe2+ 90.Bf2 Qf3 91.Qxf3 Bxf3 1/2-1/2

[Event "23rd EUR-ch"]
[Site "Vrnjacka Banja SRB"]
[Date "2023.03.03"]
[Round "1.39"]
[White "Ivanovic, Marko"]
[Black "Warmerdam, Max"]
[Result "0-1"]
[WhiteElo "2302"]
[BlackElo "2614"]
[EventDate "2023.03.03"]
[PlyCount "71"]

1.e4 c5 2.Nc3 Nc6 3.Nf3 d6 4.d4 cxd4 5.Nxd4 Nf6 6.g3 g6 7.Bg2 Bd7 8.h3 Bg7
9.Be3 O-O 10.O-O Ne5 11.b3 Qc8 12.Nd5 Nxd5 13.exd5 Bxh3 14.c4 Re8 15.Qd2 
Bd7 16.Rac1 h5 17.Kh1 Bf6 18.Bg5 a5 19.Be4 Qc5 20.Rcd1 a4 21.Be3 axb3 22.
axb3 Ng4 23.b4 Qxc4 24.Rc1 Qa2 25.Rc2 Qa6 26.Rfc1 Nxe3 27.fxe3 Rec8 28.b5 
Qb6 29.Rxc8+ Rxc8 30.Rxc8+ Bxc8 31.Qc2 Qc5 32.Bxg6 fxg6 33.Qxg6+ Kf8 34.
Qh6+ Ke8 35.Qxh5+ Kd8 36.Qf3 0-1

[Event "23rd EUR-ch"]
[Site "Vrnjacka Banja SRB"]
[Date "2023.03.03"]
[Round "1.40"]
[White "Bernadskiy, Vitaliy"]
[Black "Spasic, Petar"]
[Result "1-0"]
[WhiteElo "2611"]
[BlackElo "2298"]
[EventDate "2023.03.03"]
[PlyCount "103"]

1.e4 c5 2.Nf3 d6 3.d4 cxd4 4.Nxd4 Nf6 5.Nc3 Nc6 6.Bc4 e6 7.Bb3 a6 8.Be3 
Bd7 9.f4 Be7 10.O-O O-O 11.f5 Nxd4 12.Bxd4 Rc8 13.Qd3 Kh8 14.Rad1 Qa5 15.
Kh1 Rc6 16.Rde1 Rfc8 17.Qh3 e5 18.Be3 Rxc3 19.bxc3 Nxe4 20.Bxf7 Rxc3 21.
Be6 Bc6 22.Qh5 Nf6 23.Qd1 Qa4 24.Bd2 Qxc2 25.Bb3 Qb2 26.Re2 Rd3 27.Bc4 Rd4
28.Qc1 Qxc1 29.Rxc1 d5 30.Bxa6 Ba3 31.Rc2 Ne4 32.Be1 Rd1 33.Kg1 Nc5 34.Re3
Bb4 35.Bf1 Bxe1 36.Rxc5 Bb4 37.Rc2 Kg8 38.Kf2 e4 39.Rb3 Bd6 40.Bb5 d4 41.
Bxc6 bxc6 42.Rxc6 e3+ 43.Kf3 Rf1+ 44.Ke2 Rf2+ 45.Ke1 Bxh2 46.Rb7 h5 47.f6 
Kh7 48.Rxg7+ Kh6 49.Rd7 Kg5 50.f7 d3 51.Rd5+ Kh4 52.Rc4+ 1-0

[Event "23rd EUR-ch"]
[Site "Vrnjacka Banja SRB"]
[Date "2023.03.03"]
[Round "1.41"]
[White "Vagman, Roy"]
[Black "Dardha, Daniel"]
[Result "0-1"]
[WhiteElo "2298"]
[BlackElo "2610"]
[EventDate "2023.03.03"]
[PlyCount "100"]

1.e4 c5 2.Nf3 Nc6 3.Bb5 e6 4.O-O Nge7 5.Re1 b6 6.c3 a6 7.Bf1 d5 8.e5 d4 9.
d3 Bb7 10.Nbd2 Ng6 11.g3 Be7 12.h4 h5 13.a3 Ra7 14.c4 a5 15.Bg2 Kf8 16.b3 
Qc7 17.Qe2 Kg8 18.a4 Bd8 19.Nb1 Qc8 20.Na3 Bc7 21.Nb5 Ra8 22.Nxc7 Qxc7 23.
Bd2 Re8 24.Bg5 Qb8 25.Kh2 Qa8 26.Bh1 Nb8 27.Nd2 Bxh1 28.Rxh1 Nd7 29.Bf4 f6
30.Nf3 Rf8 31.exf6 Rxf6 32.Ng5 Nxf4 33.gxf4 Rhh6 34.Nh3 Nf8 35.Qe4 Qb8 36.
Rae1 Ng6 37.Rhg1 Nxf4 38.Rg3 Nxh3 39.Kxh3 Rxf2 40.Reg1 Kh8 41.R1g2 Rxg2 
42.Kxg2 Rf6 43.Kh3 Qf4 44.Qa8+ Kh7 45.Qg2 Qf5+ 46.Kh2 Rg6 47.Rxg6 Qxg6 48.
Qc6 Qxd3 49.Qxe6 Qd2+ 50.Kh1 Qf4 0-1

[Event "23rd EUR-ch"]
[Site "Vrnjacka Banja SRB"]
[Date "2023.03.03"]
[Round "1.42"]
[White "Bartel, Mateusz"]
[Black "Skvortsov, Andrei"]
[Result "1/2-1/2"]
[WhiteElo "2609"]
[BlackElo "2298"]
[EventDate "2023.03.03"]
[PlyCount "106"]

1.e4 e5 2.d4 exd4 3.Nf3 Bb4+ 4.c3 dxc3 5.Nxc3 Nf6 6.e5 Qe7 7.Bc4 Bxc3+ 8.
bxc3 d5 9.O-O dxc4 10.exf6 gxf6 11.Re1 Be6 12.Nd4 Nc6 13.Nxc6 bxc6 14.Qf3 
O-O-O 15.Qxc6 Bd5 16.Rxe7 Bxc6 17.Bf4 Rd7 18.Rae1 Rg8 19.f3 Bxf3 20.Re8+ 
Rd8 21.Rxg8 Rxg8 22.Bg3 Bd5 23.Re7 Kd8 24.Re2 Kd7 25.Rd2 Kc6 26.Bxc7 Bxg2 
27.Rd8 Rg5 28.Bg3 Bh3 29.Rd6+ Kb7 30.Rxf6 Be6 31.Rf2 Rd5 32.Rb2+ Kc6 33.
Kf2 Rd3 34.Be5 Kd5 35.Bg7 a6 36.a4 Rh3 37.Ke1 Rh4 38.Rd2+ Kc6 39.Bd4 Rh5 
40.Rb2 Kc7 41.a5 Kc8 42.Bb6 Rd5 43.Ke2 Re5+ 44.Kf2 Rh5 45.Ke1 Kd7 46.Rf2 
Kc6 47.Kd2 Rd5+ 48.Kc2 Rg5 49.Kd2 Rg4 50.Ke3 Rg1 51.Rb2 Re1+ 52.Kf4 Bd5 
53.Bf2 Re4+ 1/2-1/2

[Event "23rd EUR-ch"]
[Site "Vrnjacka Banja SRB"]
[Date "2023.03.03"]
[Round "1.43"]
[White "Todorovic, Goran N."]
[Black "Bjerre, Jonas Buhl"]
[Result "0-1"]
[WhiteElo "2296"]
[BlackElo "2608"]
[EventDate "2023.03.03"]
[PlyCount "86"]

1.d4 Nf6 2.Nf3 d5 3.Bf4 c5 4.e3 Nc6 5.c3 Qb6 6.Qb3 c4 7.Qc2 Bf5 8.Qc1 e6 
9.h3 Be7 10.Nbd2 O-O 11.Nh4 Bd3 12.Bxd3 cxd3 13.Nhf3 Ne4 14.O-O f6 15.Bh2 
Na5 16.Qb1 Qa6 17.Rd1 Rac8 18.Nb3 Nc4 19.Ne1 d2 20.Nc2 Qb6 21.f3 Ng5 22.
Bf4 Rc6 23.h4 Nf7 24.e4 a5 25.exd5 exd5 26.Ne3 Nxe3 27.Bxe3 Re6 28.Bf2 Bd6
29.Nc5 Re7 30.Rxd2 Bb8 31.Qf1 Qd6 32.g3 Rfe8 33.Nd3 Nh6 34.Re1 Nf5 35.Rxe7
Rxe7 36.Qh3 g6 37.Kg2 Qa6 38.h5 Kg7 39.Qg4 Bxg3 40.hxg6 hxg6 41.Kg1 Bxf2+ 
42.Kxf2 Qe6 43.Qg2 Nh4 0-1

[Event "23rd EUR-ch"]
[Site "Vrnjacka Banja SRB"]
[Date "2023.03.03"]
[Round "1.44"]
[White "Safarli, Eltaj"]
[Black "Averin, Nikolai"]
[Result "1-0"]
[WhiteElo "2608"]
[BlackElo "2296"]
[EventDate "2023.03.03"]
[PlyCount "99"]

1.e4 c5 2.Nf3 d6 3.d4 cxd4 4.Nxd4 Nf6 5.Nc3 a6 6.Nf3 Nbd7 7.a4 g6 8.a5 Bg7
9.Bc4 O-O 10.O-O b5 11.axb6 Nxb6 12.Bd3 Bb7 13.Qe2 a5 14.Rd1 Nfd7 15.Bg5 
Nc5 16.Qe3 Nxd3 17.cxd3 Re8 18.h4 h5 19.Bh6 Bh8 20.d4 Nd7 21.e5 Bxf3 22.
gxf3 Nb6 23.e6 f5 24.Rac1 Qb8 25.Kh1 Kh7 26.Rg1 Rg8 27.Bg5 Qb7 28.Qd3 Rac8
29.b3 Nd5 30.Qb5 Nb6 31.Kg2 Bxd4 32.Ne2 Bc5 33.Nf4 Rc7 34.Qxa5 Na8 35.Qd2 
Bb4 36.Qd3 Nb6 37.Rgd1 Rgc8 38.Rxc7 Qxc7 39.Qb5 Ba3 40.Ra1 Bb2 41.Ra6 Rb8 
42.Bxe7 Qxe7 43.Rxb6 Rxb6 44.Qxb6 g5 45.Nh3 gxh4 46.Qb5 Kg6 47.Nf4+ Kg5 
48.Qd7 Bf6 49.Qxe7 Bxe7 50.Nd5 1-0

[Event "23rd EUR-ch"]
[Site "Vrnjacka Banja SRB"]
[Date "2023.03.03"]
[Round "1.45"]
[White "Panic, Nenad"]
[Black "Ivic, Velimir"]
[Result "1/2-1/2"]
[WhiteElo "2295"]
[BlackElo "2606"]
[EventDate "2023.03.03"]
[PlyCount "112"]

1.e4 c5 2.Nf3 d6 3.d4 cxd4 4.Nxd4 Nf6 5.Nc3 a6 6.f4 e5 7.Nf3 Nbd7 8.Bd3 
Be7 9.O-O b5 10.Qe1 O-O 11.a4 b4 12.Nd5 Nxd5 13.exd5 Nc5 14.Bc4 exf4 15.
Qxb4 g5 16.Nd4 Bd7 17.b3 Bf6 18.Bb2 Re8 19.Nc6 Bxc6 20.Bxf6 Qxf6 21.dxc6 
Ne4 22.Rad1 Kg7 23.Qb6 Nc3 24.Rd2 d5 25.Bxa6 Re6 26.Bb5 Rd8 27.Qd4 Qxd4+ 
28.Rxd4 Rxc6 29.Rdxf4 Ne2+ 30.Kh1 gxf4 31.Bxc6 Nd4 32.Bb7 Rd7 33.Rxf4 Nxc2
34.Bc6 Rd6 35.Bb5 d4 36.Rf2 Nb4 37.Kg1 d3 38.Rd2 Kf6 39.a5 Rd5 40.Bxd3 
Nxd3 41.a6 Nb4 42.Rxd5 Nxd5 43.Kf2 h5 44.a7 Nb6 45.Kf3 Kf5 46.b4 Na8 47.h3
Nb6 48.b5 Na8 49.g4+ hxg4+ 50.hxg4+ Ke5 51.Kg3 Nb6 52.Kh4 Kf6 53.Kh5 Kg7 
54.Kg5 f6+ 55.Kf4 Kf8 56.g5 Ke8 1/2-1/2

[Event "23rd EUR-ch"]
[Site "Vrnjacka Banja SRB"]
[Date "2023.03.03"]
[Round "1.46"]
[White "Yuffa, Daniil"]
[Black "Ozsac, Samet Harun"]
[Result "1-0"]
[WhiteElo "2605"]
[BlackElo "2293"]
[EventDate "2023.03.03"]
[PlyCount "61"]

1.d4 Nf6 2.c4 g6 3.Nc3 Bg7 4.e4 d6 5.Nf3 Bg4 6.Be2 Nfd7 7.Be3 O-O 8.Rc1 c5
9.d5 Na6 10.Qd2 Nc7 11.h3 Bxf3 12.Bxf3 a6 13.a4 b5 14.axb5 axb5 15.cxb5 
Ra5 16.Be2 Qa8 17.h4 h5 18.Bh6 Nf6 19.O-O Qb7 20.Bg5 Rfa8 21.Rfe1 Kf8 22.
e5 Nd7 23.Bxe7+ Kxe7 24.exd6+ Kxd6 25.Qf4+ Be5 26.Qxf7 Nf6 27.Bf3 Qb6 28.
Rxe5 Kxe5 29.Qe7+ Kf5 30.Re1 Re8 31.Re5+ 1-0

[Event "23rd EUR-ch"]
[Site "Vrnjacka Banja SRB"]
[Date "2023.03.03"]
[Round "1.47"]
[White "Krasteva, Beloslava"]
[Black "Can, Emre"]
[Result "0-1"]
[WhiteElo "2292"]
[BlackElo "2600"]
[EventDate "2023.03.03"]
[PlyCount "90"]

1.d4 Nf6 2.c4 g6 3.Nc3 Bg7 4.e4 d6 5.h3 Nbd7 6.Nf3 e5 7.dxe5 dxe5 8.Be3 
O-O 9.Be2 c6 10.O-O Qe7 11.Qc2 Nh5 12.Rfe1 Nf4 13.Bf1 Re8 14.Rad1 Qf6 15.
g3 Ne6 16.Bg2 Bf8 17.Na4 b6 18.a3 c5 19.Nc3 Nd4 20.Nxd4 cxd4 21.Nd5 Qd6 
22.Bc1 Ba6 23.b3 b5 24.cxb5 Bxb5 25.f4 Rac8 26.Qf2 Bg7 27.a4 Ba6 28.Bb2 f6
29.Bf1 Kh8 30.Bxa6 Qxa6 31.Qe2 Qxe2 32.Rxe2 Nc5 33.fxe5 fxe5 34.b4 Nxa4 
35.Ra1 d3 36.Rf2 Nxb2 37.Rxb2 Bh6 38.Rd1 d2 39.Kf2 Rf8+ 40.Ke2 Rc4 41.Ne3 
Rxe4 42.Rb3 Rd8 43.Kf3 Rxe3+ 44.Rxe3 Bxe3 45.Kxe3 Kg7 0-1

[Event "23rd EUR-ch"]
[Site "Vrnjacka Banja SRB"]
[Date "2023.03.03"]
[Round "1.48"]
[White "Mastrovasilis, Dimitrios"]
[Black "Remolar Gallen, Jose"]
[Result "1-0"]
[WhiteElo "2599"]
[BlackElo "2290"]
[EventDate "2023.03.03"]
[PlyCount "59"]

1.e4 c5 2.Nf3 d6 3.Bb5+ Nd7 4.c3 Nf6 5.Qe2 a6 6.Ba4 e6 7.O-O Be7 8.d4 O-O 
9.Bc2 Re8 10.Nbd2 Qc7 11.e5 Nd5 12.exd6 Bxd6 13.Ne4 Be7 14.dxc5 Nxc5 15.
Neg5 Bxg5 16.Bxg5 b5 17.Rad1 Bb7 18.Rfe1 f6 19.Bc1 Rad8 20.Nd4 Qf7 21.Qg4 
f5 22.Qg3 Ne4 23.Qh4 b4 24.f3 Nc5 25.c4 Nb6 26.b3 Rd7 27.Be3 Red8 28.Nxf5 
Rxd1 29.Bxd1 Qc7 30.Qe7 1-0

[Event "23rd EUR-ch"]
[Site "Vrnjacka Banja SRB"]
[Date "2023.03.03"]
[Round "1.49"]
[White "Irizanin, Radoje"]
[Black "Iskandarov, Misratdin"]
[Result "0-1"]
[WhiteElo "2288"]
[BlackElo "2598"]
[EventDate "2023.03.03"]
[PlyCount "78"]

1.c4 e5 2.Nc3 d6 3.g3 Nc6 4.Bg2 g6 5.e4 h5 6.h4 Bg4 7.f3 Be6 8.d3 Bh6 9.
Nge2 f5 10.Nd5 Nce7 11.O-O c6 12.Nxe7 Qxe7 13.exf5 gxf5 14.f4 Nf6 15.fxe5 
dxe5 16.d4 Ng4 17.Bxh6 Rxh6 18.dxe5 Rd8 19.Qc1 Qc5+ 20.Kh1 Qe3 21.Qxe3 
Nxe3 22.Rf4 Rd2 23.Bf3 Rxb2 24.Nd4 Ke7 25.Re1 Nc2 26.Re2 Rb1+ 27.Kh2 Nxd4 
28.Rxd4 Rb4 29.Rc2 Rh8 30.Kg2 a5 31.Kf2 a4 32.Be2 a3 33.Rc3 Ra8 34.Ke3 Ra5
35.Bxh5 Rb2 36.Rdd3 Rxa2 37.Bf3 Ra1 38.Rb3 Ra7 39.Kd4 b5 0-1

[Event "23rd EUR-ch"]
[Site "Vrnjacka Banja SRB"]
[Date "2023.03.03"]
[Round "1.50"]
[White "Pechac, Jergus"]
[Black "Gunduz, Umut Erdem"]
[Result "1-0"]
[WhiteElo "2598"]
[BlackElo "2286"]
[EventDate "2023.03.03"]
[PlyCount "53"]

1.e4 e5 2.Nf3 Nc6 3.Bb5 a6 4.Ba4 Nf6 5.O-O Be7 6.Re1 b5 7.Bb3 O-O 8.a4 Bb7
9.d3 d5 10.exd5 Nxd5 11.Nxe5 Nd4 12.Nd2 Nf4 13.Ndf3 Nxb3 14.cxb3 f6 15.
Bxf4 fxe5 16.Bg3 h5 17.Nxe5 Bb4 18.Qxh5 Bxe1 19.Rxe1 Qd5 20.f3 Rae8 21.h4 
Qxb3 22.Rc1 Qe6 23.d4 Rf5 24.Qg4 Re7 25.Ng6 Qe3+ 26.Kh2 Ref7 27.Re1 1-0

[Event "23rd EUR-ch"]
[Site "Vrnjacka Banja SRB"]
[Date "2023.03.03"]
[Round "1.51"]
[White "Omorjan, Dejan"]
[Black "Hovhannisian, Robert"]
[Result "0-1"]
[WhiteElo "2286"]
[BlackElo "2597"]
[EventDate "2023.03.03"]
[PlyCount "80"]

1.d4 Nf6 2.c4 e6 3.Nc3 Bb4 4.e3 O-O 5.Bd3 Re8 6.Bd2 d5 7.a3 Bf8 8.Nf3 Nbd7
9.Qc2 dxc4 10.Bxc4 a6 11.Ba2 c5 12.Rd1 b5 13.dxc5 Nxc5 14.b4 Ncd7 15.O-O 
Bb7 16.e4 Qc7 17.Bb1 Rac8 18.Rfe1 Ne5 19.Nxe5 Qxe5 20.h3 Red8 21.f4 Rxd2 
22.fxe5 Rxc2 23.Bxc2 Rxc3 24.Bb1 Nh5 25.Rd8 Nf4 26.Red1 Ng6 27.Rb8 Bc8 28.
Rd8 Ne7 29.Ba2 Rxa3 30.Rd2 g5 31.Bd5 exd5 32.exd5 Kg7 33.d6 Be6 34.d7 Nc6 
35.Re8 Bxb4 36.d8=Q Nxd8 37.Rdxd8 Bc3 38.Rg8+ Kh6 39.g4 Bxe5 40.h4 gxh4 
0-1

[Event "23rd EUR-ch"]
[Site "Vrnjacka Banja SRB"]
[Date "2023.03.03"]
[Round "1.52"]
[White "Brkic, Ante"]
[Black "Kisic, Bozidar"]
[Result "1/2-1/2"]
[WhiteElo "2596"]
[BlackElo "2283"]
[EventDate "2023.03.03"]
[PlyCount "91"]

1.e4 g6 2.d4 Bg7 3.Nc3 d6 4.Be3 a6 5.g4 b5 6.Bg2 Bb7 7.h4 b4 8.Nd5 Nf6 9.
Nxf6+ exf6 10.h5 f5 11.gxf5 gxf5 12.Ne2 Bxe4 13.Bxe4 fxe4 14.Ng3 d5 15.Qg4
Bf8 16.Nxe4 Nc6 17.Nc5 Bxc5 18.dxc5 Qd7 19.Qxd7+ Kxd7 20.O-O-O Ne7 21.Rh4 
a5 22.Rf4 f5 23.Rf3 Rhg8 24.Bd4 Raf8 25.h6 Rg4 26.c3 Rf7 27.Kc2 Rh4 28.Bg7
Kc6 29.Re1 Re4 30.Rg1 Rh4 31.Re3 Rh2 32.Re2 f4 33.cxb4 axb4 34.Kb3 Kb5 35.
a4+ Ka5 36.Rge1 Rh3+ 37.Kc2 Nf5 38.Re8 b3+ 39.Kd2 Nxg7 40.hxg7 Rxg7 41.
Ra8+ Kb4 42.Rc1 Rh2 43.Rb8+ Ka5 44.Ra8+ Kb4 45.Rb8+ Ka5 46.Ra8+ 1/2-1/2

[Event "23rd EUR-ch"]
[Site "Vrnjacka Banja SRB"]
[Date "2023.03.03"]
[Round "1.53"]
[White "Leszko, Bence"]
[Black "Sanal, Vahap"]
[Result "0-1"]
[WhiteElo "2283"]
[BlackElo "2590"]
[EventDate "2023.03.03"]
[PlyCount "108"]

1.e4 e5 2.Nf3 Nc6 3.Nc3 Nf6 4.d4 exd4 5.Nxd4 Bb4 6.Nxc6 bxc6 7.Bd3 d5 8.
exd5 O-O 9.O-O cxd5 10.h3 c6 11.Bg5 h6 12.Bh4 Rb8 13.Qf3 Bd6 14.Bxf6 Qxf6 
15.Qxf6 gxf6 16.Rab1 Be6 17.Ne2 c5 18.b3 c4 19.bxc4 dxc4 20.Be4 f5 21.Bf3 
Be5 22.c3 Rxb1 23.Rxb1 Rd8 24.g4 Rd2 25.gxf5 Bxf5 26.Rb5 f6 27.Bd5+ Kf8 
28.Bxc4 Bxh3 29.f4 Bc7 30.Rd5 Rc2 31.Kf2 Bb6+ 32.Ke1 Be6 33.Bb3 Bxd5 34.
Bxc2 Bxa2 35.Kd2 h5 36.Bf5 h4 37.Bh3 Bc4 38.f5 Ke7 39.Nf4 Kd6 40.Ng6 Bf2 
41.Kc2 a5 42.Kb2 a4 43.Ka3 Bb3 44.Kb2 Bd1 45.Nf4 Bf3 46.Ka3 Bc6 47.Kb2 Bb5
48.Ng6 Bc6 49.Nf4 Bg3 50.Ng6 Kc7 51.Ne7 a3+ 52.Ka1 Kd7 53.Ng6 Bd5 54.Bf1 
Bb3 0-1

[Event "23rd EUR-ch"]
[Site "Vrnjacka Banja SRB"]
[Date "2023.03.03"]
[Round "1.54"]
[White "Asadli, Vugar"]
[Black "Kristoferitsch, Daniel"]
[Result "1-0"]
[WhiteElo "2586"]
[BlackElo "2282"]
[EventDate "2023.03.03"]
[PlyCount "79"]

1.e4 c5 2.Nf3 e6 3.g3 Nc6 4.Bg2 Nf6 5.Qe2 e5 6.Nc3 d6 7.O-O Be7 8.Nd5 O-O 
9.c3 Re8 10.d3 h6 11.a4 Bf8 12.Nd2 Nxd5 13.exd5 Ne7 14.Nc4 f5 15.a5 Ng6 
16.Rb1 b5 17.axb6 axb6 18.b4 Ra7 19.Bd2 Rf7 20.Qh5 Rf6 21.bxc5 bxc5 22.Rb8
Qc7 23.Rfb1 f4 24.R8b6 Rd8 25.Be4 Ne7 26.g4 g6 27.Qh4 Bg7 28.f3 g5 29.Qh5 
Rdf8 30.h4 gxh4 31.Be1 Bd7 32.Rb7 Qd8 33.Bxh4 Be8 34.Bxf6 Bxh5 35.Bxe7 Qc8
36.Bxf8 Bxf8 37.Rb8 Qd7 38.R1b7 Qa4 39.Bh7+ Kh8 40.Rxf8# 1-0

[Event "23rd EUR-ch"]
[Site "Vrnjacka Banja SRB"]
[Date "2023.03.03"]
[Round "1.55"]
[White "Vujic, Mihailo"]
[Black "Paravyan, David"]
[Result "0-1"]
[WhiteElo "2281"]
[BlackElo "2584"]
[EventDate "2023.03.03"]
[PlyCount "46"]

1.e4 e5 2.Bc4 Nf6 3.d4 exd4 4.Nf3 Bb4+ 5.c3 dxc3 6.Nxc3 Nxe4 7.Bxf7+ Kxf7 
8.Qb3+ d5 9.Qxb4 Nc6 10.Qb3 Nxc3 11.bxc3 Re8+ 12.Be3 Na5 13.Qc2 Kg8 14.O-O
Nc4 15.Bd4 Bg4 16.Nd2 Re2 17.Rad1 Qg5 18.f4 Qe7 19.Qc1 Ne3 20.Bxe3 Qxe3+ 
21.Kh1 Re8 22.Nb3 Qe4 23.Rg1 Bh3 0-1